Uplatňovanie podnikateľskej etiky v malých a stredných podnikoch v Slovenskej republike
Obsahové vymedzenie pojmu podnikateľská etika v podnikovej praxi. Prínosy uplatňovania a prejavy absencie podnikateľskej etiky pre MSP.
Enregistré dans:
| Auteur principal: | |
|---|---|
| Format: | Chapitre de livre |
| Langue: | slovaque |
| Sujets: | |
| Tags: |
Pas de tags, Soyez le premier à ajouter un tag!
|
MARC
| LEADER | 00000naa$a2200000$$$4500 | ||
|---|---|---|---|
| 001 | 0174441 | ||
| 005 | 20221020085526.2 | ||
| 041 | 0 | |a slo | |
| 044 | |a SK | ||
| 245 | 1 | 0 | |a Uplatňovanie podnikateľskej etiky v malých a stredných podnikoch v Slovenskej republike |c Vlasta Kopčáková |
| 520 | |a Obsahové vymedzenie pojmu podnikateľská etika v podnikovej praxi. Prínosy uplatňovania a prejavy absencie podnikateľskej etiky pre MSP. | ||
| 610 | 2 | 0 | |a podnik malý |
| 610 | 2 | 0 | |a podnik stredný |
| 610 | 2 | 0 | |a etika podniková |
| 610 | 2 | 0 | |a etika podnikateľská |
| 610 | 2 | 0 | |a etika manažérska |
| 610 | 2 | 0 | |a Slovensko |
| 100 | 1 | |a Kopčáková, Vlasta | |